| 000 | 02267nam0a2200409 4500 | ||
|---|---|---|---|
| 001 | RU\NLR\BIBL_A\022113171 | ||
| 005 | 20240219123003.0 | ||
| 010 |
_a978-5-8044-1731-5 _9200 |
||
| 021 |
_aRU _bКН-П-23-076946 _9КН-П-23-7775 |
||
| 035 | _a(NLR Aleph) 022113171 | ||
| 090 |
_a12783991 _c12783991 |
||
| 100 | _a20240122d2023 u y0rusy50 ca | ||
| 101 | 0 | _arus | |
| 102 | _aRU | ||
| 105 | _aa z 010yy | ||
| 181 | 0 |
_ai _baxxe |
|
| 182 | 0 | _an | |
| 200 | 1 |
_aБиоресурсный потенциал картофеля на Дальнем Востоке _dPotential of potatoes as a bioresource in the russian Far East _fИ. В. Ким, А. Г. Клыков _gРоссийская академия наук, Дальневосточное отделение Российской академии наук, ФГБНУ "ФНЦ агробиотехнологий Дальнего Востока имени А. К. Чайки" _zeng |
|
| 203 |
_aТекст _bвизуальный _cнепосредственный |
||
| 210 |
_aВладивосток _cДальнаука _d2023 |
||
| 215 |
_a334 с. _cцв. ил. _d25 |
||
| 300 | _aАвт. также на англ. яз.: I. V. Kim, A. G. Klykov | ||
| 300 | _aНа авантит.: Российская академия наук - 300 лет | ||
| 320 | _aБиблиогр.: с. 267-332 (934 назв.) | ||
| 510 | 1 |
_6z20790 _aPotential of potatoes as a bioresource in the russian Far East _zeng |
|
| 606 | 1 |
_aКартофелеводство _yДальний Восток Российской Федерации _92580479 _3RU\NLR\AUTH\6601736137 |
|
| 675 |
_a635.21:631.52(571.6) _v4 |
||
| 686 | 1 | _aП215.1(2Р55) | |
| 700 | 1 |
_7ca _8rus _aКим _bИ. В. _f1980- _gИрина Вячеславовна _9264941 _3RU\NLR\AUTH\770264997 |
|
| 701 | 1 |
_7ca _8rus _aКлыков _bА. Г. _f1975- _gАлексей Григорьевич _9147624 _3RU\NLR\AUTH\770147660 |
|
| 790 | 1 |
_6z20 _7ba _8rus _aKim _bI. V. _f1980- _gIrina Vjačeslavovna _9264936 _3RU\NLR\AUTH\770264992 |
|
| 790 | 1 |
_6z20 _6z20510 _7ba _8rus _aKlykov _bA. G. _f1975- _gAleksej Grigor'evič _9147625 _3RU\NLR\AUTH\770147661 |
|
| 942 | _cBOOK | ||
| 980 | _aNB | ||